00245nam a2200085Ia 4500001000800000005001700008008004100025245008300066260001000149116190120250827011634.0250824s9999 xx 000 0 und d 0aNE OKURSAN O OLURSUN. iyi okuma için uygulamalı bir klavuz.cROBERT DIYANNI bANTRE